Estudio hidrodinámico de los filtros anaeróbicos de las haciendas la Ponderosa y los Alpes
Se refiere a la realización de un estudio de la influencia de los parámetros: producción de gas, carga hidráulica, distribución del fluido, en la mezcla de los reactores anaeróbicos del tipo Filtro Anaeróbico de flujo ascendente, instalados en las haciendas Ponderosa y Alpes. Abarca el Tratam...
| Main Author: | |
|---|---|
| Other Authors: | |
| Format: | Tesis Section = Libro |
| Language: | Undetermined Spanish |
| Published: |
Managua
UNI
1993
|
| Subjects: |
| LEADER | 01158nam a2200217Ia 4500 | ||
|---|---|---|---|
| 008 | 240830s9999 xx 000 0 und d | ||
| 040 | |a CEDOC DACA-RUSB / Mon 542.6 R173 | ||
| 041 | |a spa | ||
| 082 | |a Mon 542.6 R173 | ||
| 100 | 1 | |a Ramírez Meza, Javier E | |
| 245 | 1 | 0 | |a Estudio hidrodinámico de los filtros anaeróbicos de las haciendas la Ponderosa y los Alpes |
| 260 | |a Managua |b UNI |c 1993 | ||
| 300 | |a 58 p. :il. | ||
| 502 | |a Tesis (Ingeniero Químico) -UNI, 1993. | ||
| 520 | 3 | |a Se refiere a la realización de un estudio de la influencia de los parámetros: producción de gas, carga hidráulica, distribución del fluido, en la mezcla de los reactores anaeróbicos del tipo Filtro Anaeróbico de flujo ascendente, instalados en las haciendas Ponderosa y Alpes. Abarca el Tratamiento Anaeróbico, definición de modelos de flujo para rectores ideales y reales, determinación del comportamiento del fluido en el reactor, conceptos estadísticos para analizar la mezcla en el reactor. | |
| 650 | 7 | |a FILTROS Y DIALIZADORES | |
| 650 | 7 | |b HIDRODINAMICA. | |
| 700 | 1 | |a Tutor: |b Wasser, Rick | |
| 942 | |c BK |2 ddc | ||
| 991 | |a TESIS | ||
| 999 | |c 26106 | ||